000 00890pam a2200241 a 4500
001 3295938
005 20170105102350.0
008 830525s1984 njua b 001 0 eng
010 _a 83011206
020 _a0131286293
040 _aDLC
_cDLC
_dDLC
050 0 0 _aTP155.75
_b.S73 1984
082 0 0 _a660.281
_219
100 1 _aStephanopoulos, George.
245 1 0 _aChemical process control : an introduction to theory and practice
_ban introduction to theory and practice
_cGeorge Stephanopoulos.
260 _aEnglewood Cliffs, N.J. :
_bPrentice-Hall,
_cc1984.
300 _axxi, 696 p. :
_bill. ;
_c24 cm.
440 0 _aPrentice-Hall international series in the physical and chemical engineering sciences
504 _aIncludes bibliographical references and index.
650 0 _aChemical process control.
906 _a7
_bcbc
_corignew
_d1
_eocip
_f19
_gy-gencatlg
942 _2ddc
_cBK
999 _c11883
_d11883